Statistiques concernant Les plus grandes villes en Pologne • A-Z

Cliquez ici pour prendre le quiz!

Statistiques générales

  • Ce quiz a été pris 90 fois
  • Le résultat moyen est 9 sur 23

Statistiques - réponses

#PopVille% Correct
V1,753,977Varsovie
100%
C765,320Cracovie
96%
G463,754Gdansk
89%
L696,503Łodz
82%
P540,372Poznań
82%
W631,188Wrocław
77%
K307,233Katowice
65%
S404,878Szczecin
52%
B353,938Bydgoszcz
46%
T202,521Toruń
39%
R215,020Radom
34%
Z175,459Zabrze
32%
O172,993Olsztyn
31%
E121,191Elbląg
28%
A30,802Augustów
15%
D121,802Dąbrowa Górnicza
8%
F2,415Frombork
8%
I75,681Inowrocław
8%
N84,468Nowy Sącz
7%
U15,973Ustka
6%
J96,600Jaworzno
4%
M74,912Mysłowice
4%
H21,442Hajnówka
3%

Distribution des résultats

Percentile par nombre de réponses

% des personnes avec chaque résultat

Votre développement - résultats

Vous n’avez pas pris ce quiz